| 000 | 02002nam a22003377a 4500 | ||
|---|---|---|---|
| 005 | 20100806113654.0 | ||
| 010 | _aENG-98448 | ||
| 020 |
_a9788174533111 _c600.00 |
||
| 035 | _aEN-81981 | ||
| 035 | _aB-424600-604 | ||
| 037 | _bDBAD/PUB | ||
| 037 | _bBlueberry Books | ||
| 082 | _a336.240954 | ||
| 100 |
_aChoudhary, Neelam. _928705 |
||
| 245 |
_aIncome tex and salaried class / _bby Neelam Choudhary |
||
| 260 |
_aNew Delhi _bSanjay Prakashan _c1998 |
||
| 270 |
_a4378/4 D.209 J.M.D House,Ansari Road,Darya Ganj _bNew Delhi _e110002 |
||
| 300 |
_axii,260p. _c23cm (pbk) |
||
| 500 | _aIncludes bibliographical referenes. | ||
| 650 |
_aCost & standard of living. _928706 |
||
| 650 |
_aEmplioyes-Economic Conditions. _928707 |
||
| 650 |
_aIncome Tax _928708 |
||
| 942 |
_2ddc _cEN _h336.240954 _mCHO |
||
| 999 |
_c39654 _d39654 |
||